|
|
|
|
| LEADER |
02270nam a2200517 a 4500 |
| 001 |
mzk03001206041 |
| 003 |
CZ BrMZK |
| 005 |
20140912092224.0 |
| 007 |
ta |
| 008 |
140912s1660 gw f fr|||||00| ||lat|d |
| 040 |
|
|
|a BOA001
|b cze
|
| 072 |
|
7 |
|a 27-5
|x Liturgie. Křesťanské umění a symbolika. Duchovní život
|2 Konspekt
|9 5
|
| 072 |
|
7 |
|a 094
|x Staré tisky
|2 Konspekt
|9 12
|
| 080 |
|
|
|a 27-584
|2 MRF
|
| 080 |
|
|
|a 27-789.5-1/-9
|2 MRF
|
| 080 |
|
|
|a 27-185.5
|2 MRF
|
| 080 |
|
|
|a 025.171
|2 MRF
|
| 080 |
|
|
|a (0.068)094
|2 MRF
|
| 100 |
1 |
|
|a Laberhittel, Samuel,
|d asi 1620-1687
|7 mzk2008453606
|4 aut
|
| 245 |
1 |
0 |
|a SCIENTIA SALVTIS, SIVE CONSIDERATIONES PIAE. Praecipuam Spiritualis Vita Materiam complectentes, EX ASCETICIS LIBRIS EXCERPTAE, ET PER SINGULAS ANNI DIES, ATQUE FESTIVITATES DISTRIBVTAE. A R. P. SAMVELE LABERHITTEL Societ. JESU. Altera editio correctior
|
| 246 |
3 |
|
|a SCIENTIA SALUTIS, SIVE CONSIDERATIONES PIAE
|
| 260 |
|
|
|a INGOLSTADII :
|b TYPIS JOANNIS OSTERMAYR,
|c 1660
|
| 300 |
|
|
|a [70], 747, [1] s., [1] příl. ;
|c 12°
|
| 500 |
|
|
|a Výzdoba: Mědirytinový frontispis (SCIENTIA SALVTIS - Kilian sc.), vlysy, iniciály
|
| 561 |
|
|
|a Provenience: [m.p.] Martini Brulig 1660
|
| 561 |
|
|
|a Provenience: [m.p.] Monasterij Rayhradensis
|
| 563 |
|
|
|a Pergamenová vazba Rajhrad s rámcem, dřevěné desky, 2 mosazné spony, ořízka natřená modrou barvou
|
| 650 |
|
7 |
|a duchovní život
|7 ph114375
|2 czenas
|
| 650 |
|
7 |
|a jezuitská spiritualita
|7 ph335399
|2 czenas
|
| 650 |
|
7 |
|a spása
|7 ph162849
|2 czenas
|
| 650 |
|
7 |
|a historické knihovní fondy
|7 ph172933
|2 czenas
|
| 655 |
|
7 |
|a staré tisky
|7 fd422076
|2 czenas
|
| 700 |
1 |
|
|a Possmurinus, Joannes
|4 cns
|
| 700 |
1 |
|
|a Kilian, Bartholomäus,
|d 1630-1696
|7 ola2009522875
|4 egr
|
| 856 |
4 |
1 |
|u http://reader.digitale-sammlungen.de/resolve/display/bsb10264156.html
|y Digitalizovaný exemplář bavorské knihovny
|
| 903 |
|
|
|a RP
|
| 910 |
|
|
|e BOE950
|c R - R. II. bb. 33
|
| 978 |
|
|
|b Ostermayr, Johann
|a Ingolstadt
|c 1660
|
| 981 |
1 |
|
|a Brulig, Martin
|
| 982 |
0 |
|
|a Rajhrad - benediktinský klášter
|
| 984 |
|
|
|a Ingolstadt
|b Německo
|
| 985 |
|
|
|a 1651-1700
|
| 990 |
|
|
|a BK
|
| 996 |
|
|
|e BOE950
|c R - R. II. bb. 33
|
| 980 |
|
|
|c 212906
|g R - R. II. bb. 33
|1 328100212906
|p N. 4173
|
| 991 |
|
|
|k rajhrad
|